000 00851nam a22001937a 4500
005 20250617141600.0
010 _aHIN-129853
020 _c895.00
_a9788195400874
035 _aHN-102199
037 _bDBAD
082 _a921
100 _aडॉ हरिकृष्ण ,
_982128
245 _aविवेकानंद ,गांधी और अबेडकर :
_cडॉ हरिकृष्ण ,
_bएक चिंतन /
250 _aप्रथम
260 _a नई दिल्ली ,
_bसंजय प्रकाशन ,
_c
270 _a4378 /4 डी-209, जे.एम.डी. हाऊस अंसारी रोड, दरियागंज ,
_b नई दिल्ली ,
_e110002
300 _a224पृ.
_c23सेमी ( सजिल्द )
942 _2ddc
_cHN
_h181.499
_kहरिकृ
999 _c211866
_d211866